| 000 | 00334nam a22001457a 4500 | ||
|---|---|---|---|
| 020 | _a81-7439-023-5 | ||
| 082 |
_a001 _bCRO/W |
||
| 100 | _aCROMPTON,SAMUEL WILLARD | ||
| 245 |
_a100 WARS _bTHAT SHAPED WORLD HISTORY |
||
| 250 | _aFIRST | ||
| 260 |
_aNEWDELHI _bGEMINI BOOKS |
||
| 300 | _a110 | ||
| 650 |
_aWARS _zNEW DELHI |
||
| 942 | _cBK | ||
| 999 |
_c6568 _d6568 |
||